[Event "Titled Tuesday intern op 19th Jan"]
[Site "Chess.com INT"]
[Date "2021.01.19"]
[Round "5"]
[White "Premnath, Ramanathan"]
[Black "Hasman, Cengiz"]
[Result "1-0"]
[WhiteElo "2263"]
[BlackElo "2101"]
[PlyCount "83"]
[EventDate "2021.01.19"]
[EventType "swiss (blitz)"]
[EventRounds "11"]
[EventCountry "USA"]
[SourceTitle "CBM 200 Extra"]
[Source "ChessBase"]
[SourceDate "2021.03.31"]
[SourceVersion "1"]
[SourceVersionDate "2021.03.31"]
[SourceQuality "1"]

1. d4 d6 2. Nf3 Nf6 3. c4 g6 4. Nc3 Bg7 5. e4 0-0 6. Be2 Na6 7. 0-0 e5 8. d5 Nc5 9. Qc2 a5 10. b3 h6 11. a3 Nh5 12. Re1 f5 13. Be3 Nf4 14. Bf1 fxe4 15. Nd2 Ncd3 16. Reb1 Bf5 17. Ndxe4 Nc5 18. f3 g5 19. b4 axb4 20. axb4 Rxa1 21. Rxa1 Nxe4 22. Nxe4 g4 23. fxg4 Bxg4 24. Ng3 Qf6 25. Rc1 b6 26. h3 Bc8 27. Kh2 Qg5 28. Bd3 Kh8 29. Rf1 h5 30. Ne4 Qe7 31. Be2 Bf5 32. Bf3 Bh7 33. Qd2 Bh6 34. g3 Nxh3 35. Bxh6 Rxf3 36. Rxf3 Bxe4 37. Rf8+ Kh7 38. Kxh3 Qd7+ 39. Kh2 Qg4 40. Rf7+ Kh8 41. Bf8 Bf5 42. Qh6+ 1-0

[Event "Titled Tuesday intern op 19th Jan"]
[Site "Chess.com INT"]
[Date "2021.01.19"]
[Round "8"]
[White "Premnath, Ramanathan"]
[Black "Salinas Herrera, Pablo Patricio"]
[Result "1/2-1/2"]
[WhiteElo "2263"]
[BlackElo "2514"]
[PlyCount "130"]
[EventDate "2021.01.19"]
[EventType "swiss (blitz)"]
[EventRounds "11"]
[EventCountry "USA"]
[SourceTitle "CBM 200 Extra"]
[Source "ChessBase"]
[SourceDate "2021.03.31"]
[SourceVersion "1"]
[SourceVersionDate "2021.03.31"]
[SourceQuality "1"]

1. d4 Nf6 2. c4 g6 3. Nc3 Bg7 4. e4 0-0 5. Nf3 d6 6. Be2 Na6 7. 0-0 e5 8. d5 Nc5 9. Qc2 a5 10. b3 Nh5 11. Re1 h6 12. Be3 b6 13. Bf1 f5 14. Nd2 f4 15. Bxc5 bxc5 16. Be2 Nf6 17. g3 g5 18. Kh1 Ng4 19. Rf1 fxg3 20. fxg3 Ne3 21. Rxf8+ Qxf8 22. Qd3 Qf2 23. Bf3 Bh3 24. Qe2 Qxe2 25. Bxe2 Rf8 26. Kg1 Nc2 27. Rc1 Nd4 28. Bf1 Bd7 29. Bg2 g4 30. Re1 h5 31. Nf1 Bh6 32. Ne3 Rf3 33. Ncd1 Rf8 34. Rf1 a4 35. Rxf8+ Kxf8 36. bxa4 Bxa4 37. Kf2 Ke7 38. h3 Bd7 39. hxg4 hxg4 40. Bf1 Kf6 41. Bd3 Kg5 42. Nc3 Bf8 43. Be2 Be7 44. a4 Nb3 45. Bd1 Na5 46. Bc2 Bd8 47. Nb5 Kf6 48. Bd1 Kg5 49. Ke2 Bc8 50. Kd2 Ba6 51. Kc3 Bc8 52. Na3 Bd7 53. Nb5 Nb7 54. Kb3 c6 55. Na7 Na5+ 56. Kc3 cxd5 57. cxd5 Bb6 58. Nb5 Nb7 59. Be2 Ba5+ 60. Kc2 Bd8 61. Nc4 Be7 62. Nb6 Be8 63. Nc4 Bd7 64. Nc3 Bd8 65. Nb5 Be7 1/2-1/2